| 000 | 00785nam a2200241 a 4500 | ||
|---|---|---|---|
| 005 | 20200104041534.0 | ||
| 008 | 140306s2001 -cn fr|||| 000 0 eng d | ||
| 040 |
_aCO-BoIAVH _cCO-BoIAVH |
||
| 041 | 0 | _aeng | |
| 044 | _acn | ||
| 082 | 0 | 4 |
_a634.92 _bS44s |
| 110 | 2 | _bSecretariat of the Convention on Biological Diversity | |
| 245 | 1 | 0 | _aSustainable management of non-timber forest resources |
| 260 |
_aMontreal : _bSCBD, _c2001. |
||
| 300 |
_a30 páginas ; _c28 x 21 cm. |
||
| 490 | 0 |
_a CBD Technical Series; _v6. |
|
| 504 | _aIncluye referencias bibliográficas: páginas 23-26. | ||
| 650 | 1 | 6 | _aBosques |
| 650 | 1 | 6 | _aProductos no maderables del bosque |
| 650 | 2 | 6 | _aUso sostenible |
| 650 | 2 | 6 | _aManejo forestal sostenible |
| 942 |
_cLIBRO _2ddc |
||
| 999 |
_c2640 _d2640 |
||